LEADER 00925nam a2200265 i 4500 001 991001147099707536 005 20020507111909.0 008 970308s1978 us ||| | eng 035 $ab10180187-39ule_inst 035 $aLE00642923$9ExL 040 $aDip.to Fisica$bita 084 $a52.9.56 084 $a523.1'12 084 $aQB790 100 1 $aSpitzer, L.$0461654 245 10$aPhysical processes in the interstellar medium /$cL. Spitzer 260 $aNew York :$bJohn Wiley & Sons,$c1978 300 $axvii, 318 p. :$bill. ;$c24 cm. 650 4$aInterstellar matter 907 $a.b10180187$b21-09-06$c27-06-02 912 $a991001147099707536 945 $aLE006 52.9.52+52.9.56 SPI$g1$i2006000174817$lle006$o-$pE0.00$q-$rl$s- $t0$u1$v0$w1$x0$y.i10221001$z27-06-02 996 $aPhysical processes in the interstellar medium$9188999 997 $aUNISALENTO 998 $ale006$b01-01-97$cm$da $e-$feng$gus $h0$i1 LEADER 01713nam0 22003853i 450 001 PUV0324020 005 20251003044312.0 010 $a9780198562962 100 $a20071210d1996 ||||0itac50 ba 101 | $aeng 102 $agb 181 1$6z01$ai $bxxxe 182 1$6z01$an 183 1$6z01$anc$2RDAcarrier 200 1 $aConvective boiling and condensation$fJohn G. Collier and John R. Thome 205 $a3. ed 210 $aOxford$cClarendon Press$d1996 215 $aXLIII, 596 p.$d23 cm. 225 | $aˆThe ‰Oxford engineering science series$v38 410 0$1001MIL0046173$12001 $aˆThe ‰Oxford engineering science series$v38 606 $aCalore$xConvezione$2FIR$3SBLC030175$9E 606 $aEbollizione$2FIR$3MILC040685$9I 606 $aCondensazione $2FIR$3SBLC029865$9I 676 $a660$9INGEGNERIA CHIMICA$v14 676 $a660.28427$9INGEGNERIA CHIMICA. OPERAZIONI UNITARIE TECNOLOGIA DEI FENOMENI DI TRASPORTO. TRASMISSIONE DI CALORE$v22 700 1$aCollier$b, John Gordon$f <1935- >$3PUVV134223$4070$0447869 701 1$aThome$b, John R.$3PUVV029365$4070$0288818 801 3$aIT$bIT-000000$c20071210 850 $aIT-BN0095 901 $bNAP 01$cSALA DING $n$ 912 $aPUV0324020 950 0$aBiblioteca Centralizzata di Ateneo$c1 v. in due copie$d 01SALA DING 660 COL.co$e 0102 0000064185 VMA A4 1 v. (rist. 2001)$fY $h20071210$i20071210$c1 v. in due copie$d 01SALA DING 660 COL.co$e 0102 0000068865 VMA A4(bis 1 v. (rist. 2001;2. copia)$fY $h20080530$i20080530 977 $a 01 996 $aConvective boiling and condensation$9104135 997 $aUNISANNIO